| 000 | 00407nam a2200169Ia 4500 | ||
|---|---|---|---|
| 001 | 11344 | ||
| 003 | IN-NITTTR | ||
| 005 | 20251114233106.0 | ||
| 008 | 251113s9999||||xx |||||||||||||| ||eng|| | ||
| 040 | _beng | ||
| 040 | _cIN-NITTTR | ||
| 041 | _aeng | ||
| 082 | _a004.16 G184I | ||
| 100 | _aGarland, Harry | ||
| 245 | 0 |
_aIntroduction to microprocessor system design / _cGarland, Harry |
|
| 942 |
_2ddc _cBK |
||
| 999 |
_c13980 _d13980 |
||